Turnover in an accounting firm (Registro nro. 33529)

Detalles MARC
000 -LEADER
fixed length control field 00349 a2200121 4500
001 - CONTROL NUMBER
control field ART_43822
005 - DATE AND TIME OF LATEST TRANSACTION
control field 20260410162026.0
008 - FIXED-LENGTH DATA ELEMENTS--GENERAL INFORMATION
fixed length control field 260409a
100 1# - MAIN ENTRY--PERSONAL NAME
Personal name Lane, Julia
245 10 - TITLE STATEMENT
Title Turnover in an accounting firm
700 1# - ADDED ENTRY--PERSONAL NAME
Personal name Parkin, Michael
773 0# - HOST ITEM ENTRY
Title Journal of labor economics
Related parts - Vol. 16, Nº 4 (oct. 1998)
Record control number REV43438

No hay ítems disponibles.